000 00298nam a22001337a 4500
008 180905b xxu||||| |||| 00| 0 eng d
020 _a080181751
041 _aeng
080 _a574
100 _a9
101 _aMJE
245 _aForest For Whom And For What
_cMarion.G
942 _2udc
_cBK
999 _c47557
_d47557